000 00652nam a2200277Ia 4500
005 20260324140601.0
008 008 260324s9999 xx 000 0 eng d
020 _a9781315214764
037 _aEBOOK
040 _aCRL
040 _beng
040 _cCRL
041 _2eng
041 _aeng
084 _qCRL
100 _aHojjat Adeli; Hyo Seon Park
_91204960
245 0 _aNeurocomputing for Design Automation
260 _bTaylor and Francis
260 _c1998
365 _a
365 _b465
856 _uhttp://www.taylorfrancis.com/books/9781315214764
942 _cEBOOK
999 _c1807173
_d1807173